[Event "Trapani Province-ch"]
[Site "Erice"]
[Date "2012.01.15"]
[Round "2"]
[White "Mirasolo, Davide"]
[Black "Seidita, Flavio"]
[Result "1-0"]
[WhiteElo "1470"]
[BlackElo "1395"]
[PlyCount "37"]
[EventDate "2012.01.15"]
[EventType "swiss"]
[EventRounds "6"]
[EventCountry "ITA"]
[SourceTitle "EXT 2024"]
[Source "ChessBase"]
[SourceDate "2023.10.10"]
[SourceVersion "1"]
[SourceVersionDate "2023.10.10"]
[SourceQuality "1"]

1. d4 e6 2. e4 Nc6 3. Nf3 d5 4. e5 Bb4+ 5. c3 Ba5 6. b4 Bb6 7. a4 Nh6 8. a5 Bxa5 9. bxa5 f6 10. Bb5 Qd7 11. Nh4 fxe5 12. dxe5 Nxe5 13. Bxd7+ Bxd7 14. Qh5+ Ke7 15. Qxe5 Rhg8 16. Qxc7 Rac8 17. Bg5+ Ke8 18. Qd6 Nf7 19. Qe7# 1-0